000 00703nam a2200253Ia 4500
003 OSt
005 20220918164920.0
006 a|||||r|||| 00| 0
007 ta
008 220917b |||||||| |||| 00| 0 eng d
020 _a0813333490 (hbk)
024 _a172,816
037 _cTextual
040 _aARTS
_cARTS
_beng
041 _2eng
_aeng
082 _aQ6:3, N7
100 _aHauerwas Stanley M
_921654
245 0 _aWilderness wanderings
_b probing twentieth-century theology and philosophy
260 _aBoulder
_bWestview Press
_c1997
300 _axiv, 242p.
_ccm.
650 _aRELIGION
942 _hQ6:3, N7
_cTEXL
_2CC
999 _c127379
_d127379